El camaleón
Wedi'i Gadw mewn:
| Prif Awdur: | |
|---|---|
| Fformat: | Llyfr |
| Iaith: | Undetermined |
| Cyhoeddwyd: |
Panamá, Panamá
Mariano Arosemena del INAC
1992
|
| Rhifyn: | 2 |
| Pynciau: | |
| Tagiau: |
Ychwanegu Tag
Dim Tagiau, Byddwch y cyntaf i dagio'r cofnod hwn!
|
MARC
| LEADER | 00000nam a2200000Ia 4500 | ||
|---|---|---|---|
| 008 | 170316s9999 xx 000 0 und d | ||
| 040 | |a cru BVZT | ||
| 090 | |a 860 C-28.1c | ||
| 100 | |a Castro, Claudio de | ||
| 245 | |a El camaleón | ||
| 250 | |a 2 | ||
| 260 | |a Panamá, Panamá | ||
| 260 | |b Mariano Arosemena del INAC | ||
| 260 | |c 1992 | ||
| 300 | |a 77 páginas | ||
| 650 | |a LITERATURA LATINOAMERICANA | ||
| 650 | |a CUENTOS PANAMEÑOS | ||
| 999 | |c 8515 |d 8515 | ||
| 942 | |c 15 D |h 860 C-28.1c |2 z | ||
